000 00344nam a22001337a 4500
008 250312b |||||||| |||| 00| 0 eng d
020 _a9781810408
050 _aHC1000
_b.T69
100 _aOWOSEKUN, A. Akinda
245 _aToward An African Economic Community
260 _aIbadan
_bAkinola Printing Work
_c1986
300 _a401p.
942 _cBK
999 _c2275
_d2275